000 00283nam a22001337a 4500
008 170629b xxu||||| |||| 00| 0 eng d
020 _a9780867095678
041 _aeng
080 _a94
100 _a16
101 _aSHH
245 _aCOMING OF AGE
_cSHAMOON,L.K
942 _2udc
_cBK
999 _c19484
_d19484